Ut mine Stromtid (Record no. 6776)
[ view plain ]
| 000 -CABECERA | |
|---|---|
| campo de control de longitud fija | 00632nam a2200229 a 4500 |
| 001 - NÚMERO DE CONTROL | |
| campo de control | BRCA_7095 |
| 005 - FECHA Y HORA DE LA ÚLTIMA TRANSACCIÓN | |
| campo de control | 20190320205717.0 |
| 008 - DATOS DE LONGITUD FIJA--INFORMACIÓN GENERAL | |
| campo de control de longitud fija | 270611s1862----gw-#######---#000-0#ger-# |
| 041 ## - CÓDIGO DE LENGUA | |
| Código de lengua del texto/banda sonora o título independiente | ger |
| 044 ## - CÓDIGO DEL PAÍS DE LA ENTIDAD EDITORA/PRODUCTORA | |
| Código MARC del país | gw |
| 050 #4 - SIGNATURA TOPOGRÁFICA DE LA BIBLIOTECA DEL CONGRESO | |
| Número de clasificación | PT4848 .R4 |
| Número de documento/Ítem | .U8 2 1962 |
| 100 1# - ENTRADA PRINCIPAL--NOMBRE DE PERSONA | |
| Nombre de persona | Reuter, Fritz |
| Fechas asociadas al nombre | 1810-1874 |
| 9 (RLIN) | 15434 |
| 245 10 - MENCIÓN DE TÍTULO | |
| Título | Ut mine Stromtid |
| Resto del título | Zweiter Band |
| Mención de responsabilidad, etc. | Fritz Reuter. |
| 260 ## - PUBLICACIÓN, DISTRIBUCIÓN, ETC. | |
| Lugar de publicación, distribución, etc. | Berlín |
| Nombre del editor, distribuidor, etc. | Deutsche Bibliothek |
| Fecha de publicación, distribución, etc. | [1862] |
| 300 ## - DESCRIPCIÓN FÍSICA | |
| Extensión | 410 p. (v.2) |
| Dimensiones | 18 cm. |
| 500 ## - NOTA GENERAL | |
| Nota general | Vertambién K10 (v.1) |
| 500 ## - NOTA GENERAL | |
| Nota general | O103 |
| 505 0# - NOTA DE CONTENIDO CON FORMATO | |
| Nota de contenido con formato | Contenido: capitulo 20 al capitulo 47 |
| 650 14 - PUNTO DE ACCESO ADICIONAL DE MATERIA--TÉRMINO DE MATERIA | |
| Término de materia o nombre geográfico como elemento de entrada | Literatura Alemana |
| 9 (RLIN) | 6160 |
| 902 ## - CATALOGADOR | |
| Iniciales | GFM |
| 942 ## - ELEMENTOS DE PUNTO DE ACCESO ADICIONAL (KOHA) | |
| Fuente del sistema de clasificación o colocación | Library of Congress Classification |
| Tipo de ítem Koha | Libros |
| Estado de retiro | Estado de pérdida | Estado dañado | No para préstamo | Localización permanente | Ubicación/localización actual | Fecha de adquisición | Número de inventario | Total de préstamos | Signatura topográfica completa | Código de barras | Fecha visto por última vez | Precio válido a partir de | Tipo de ítem Koha |
|---|---|---|---|---|---|---|---|---|---|---|---|---|---|
| El ejemplar forma parte de la colección y puede ser consultado según las políticas vigentes. | Biblioteca del Museo Franz Mayer (Rogerio Casas-Alatriste) | Biblioteca del Museo Franz Mayer (Rogerio Casas-Alatriste) | 09/12/2011 | O103 | PT4848 .R4 .U8 2 1962 (O103) | 7542 | 22/03/2019 | 22/03/2019 | Libros |